000 00276nam a22001337a 4500
020 _a0-02-934130-2
082 _a296 WEB
100 _aWeber Max
245 _aAncient Judaism
260 _aLondon
_bThe Free Press
_c1967
300 _a484
650 _aJudaism
942 _cBK
999 _c20500
_d20500